La bonne ligne de Métro Parisien - Erreurs éliminatoires - Statistiques

Statistiques générales
  • Ce quiz a été pris 453 fois
  • Le résultat moyen est 6 sur 10
Statistiques - réponses
Indice N° de ligne % Correct
Parcours : Charles de Gaulle - Étoile ↔ Nation 6
94%
La dernière ligne mise en service 14
85%
Termine dans la ville d'Asnières-sur-Seine Terminus 13
77%
Place d'Italie est son terminus 5
75%
Suit la ligne 8 sur 5 arrêts consécutifs 9
68%
Elle relie la station Pont de Levallois - Bécon à Levallois-Perret 3
58%
Rejoint la Préfecture du département n°94 8
48%
La moins fréquentée (hors ligne bis) 11
47%
La seule en correspondance avec toutes les autres lignes (hors bis) 4
43%
N'a jamais été prolongée 2
38%
Aucun quiz correspondant
Distribution des résultats
% des personnes avec chaque résultat
Percentile par nombre de réponses
Votre historique - résultats
Vous n’avez pas pris ce quiz